| 000 | 01414nam0a2200301 4500 | ||
|---|---|---|---|
| 001 | RU\NLR\bibl\849854 | ||
| 005 | 20260406084936.0 | ||
| 021 |
_aRU _b2005-23850 _91210 |
||
| 035 | _a(NLR Aleph) 000838607 | ||
| 090 |
_a1406108 _c1406108 |
||
| 100 | _a20051007d2004 |||y0rusy50 ca | ||
| 101 | 0 | _arus | |
| 102 | _aRU | ||
| 105 | _aa ||||||||| | ||
| 200 | 1 |
_aКонспект лекций по дисциплине "Финансовый менеджмент" для бакалавров 4 курса направления "Экономика" специальности "Финансы и кредит" _fИ.П. Акимова _gМоск. гос. ун-т путей сообщ. (МИИТ), Каф. "Финансы и кредит" |
|
| 210 |
_aМосква _cМИИТ _d2004 |
||
| 215 |
_a44 с. _cил. _d21 |
||
| 320 | _aБиблиогр.: с. 43-44 (2 назв.) | ||
| 606 | 1 |
_aМенеджмент финансовый _jУчебные издания для высших учебных заведений _92070634 _3RU\NLR\auth\661245361 |
|
| 686 | _aУ26(2)-21я73 | ||
| 700 | 1 |
_4070 _aАкимова _bИ. П. _cканд. экон. наук, транспорт _f1959- _gИрина Петровна _3RU\NLR\AUTH\770279580 _92651547 |
|
| 801 | 0 |
_aRU _bNLR _c20051007 _grcr |
|
| 801 | 1 |
_aRU _bNLR _c20051007 |
|
| 830 | _aавт. по кн. | ||
| 942 | _cBOOK | ||
| 980 | _aNB | ||